|
|
|
|
| LEADER |
02604nam a2200709 i 4500 |
| 001 |
nkc20172940636 |
| 003 |
CZ PrNK |
| 005 |
20190110084228.0 |
| 007 |
ta |
| 008 |
171011s2018 xr ah f 001 0dcze |
| 015 |
|
|
|a cnb002940636
|
| 020 |
|
|
|a 978-80-87989-56-2
|q (brožováno)
|
| 035 |
|
|
|a (OCoLC)1085411095
|
| 040 |
|
|
|a BOA001
|b cze
|d ABA001
|e rda
|
| 041 |
0 |
|
|a cze
|b eng
|
| 043 |
|
|
|a e-xr---
|
| 045 |
|
|
|a p-x-
|
| 072 |
|
7 |
|a 7.01/.09
|x Umění
|2 Konspekt
|9 21
|
| 080 |
|
|
|a 72/76(437.3)
|2 MRF
|
| 080 |
|
|
|a 7.033
|2 MRF
|
| 080 |
|
|
|a 7.034.3/.6
|2 MRF
|
| 080 |
|
|
|a 7.036/.038
|2 MRF
|
| 080 |
|
|
|a 7.011:316.72/.75
|2 MRF
|
| 080 |
|
|
|a (437.3)
|2 MRF
|
| 080 |
|
|
|a (048.8)
|2 MRF
|
| 080 |
|
|
|a (081)
|2 MRF
|
| 100 |
1 |
|
|a Bartlová, Milena,
|d 1958-
|7 jn19981000203
|4 aut
|
| 245 |
1 |
0 |
|a Retrospektiva /
|c Bartlová
|
| 246 |
1 |
|
|i Podnázev v prelimináriích:
|a Vybrané studie k dějinám umění 12.-16. a 20. století
|
| 250 |
|
|
|a Vydání první
|
| 264 |
|
1 |
|a V Praze :
|b Vysoká škola uměleckoprůmyslová,
|c 2018
|
| 300 |
|
|
|a 383 stran :
|b ilustrace, faksimile ;
|c 22 cm
|
| 336 |
|
|
|a text
|b txt
|2 rdacontent
|
| 337 |
|
|
|a bez média
|b n
|2 rdamedia
|
| 338 |
|
|
|a svazek
|b nc
|2 rdacarrier
|
| 504 |
|
|
|a Obsahuje bibliografii, bibliografické odkazy a rejstříky
|
| 546 |
|
|
|a Anglické resumé
|
| 648 |
|
7 |
|a 12.-16. století
|7 ch757068
|2 czenas
|
| 648 |
|
7 |
|a 20. století
|7 ch460558
|2 czenas
|
| 650 |
0 |
7 |
|a české výtvarné umění
|7 ph116865
|y 12.-16. století
|2 czenas
|
| 650 |
0 |
7 |
|a české výtvarné umění
|7 ph116865
|y 20. století
|2 czenas
|
| 650 |
0 |
7 |
|a středověké umění
|7 ph126240
|z Česko
|2 czenas
|
| 650 |
0 |
7 |
|a renesanční umění
|7 ph125134
|z Česko
|2 czenas
|
| 650 |
0 |
7 |
|a moderní umění
|7 ph115340
|z Česko
|2 czenas
|
| 650 |
0 |
7 |
|a umění a společnost
|7 ph126924
|z Česko
|2 czenas
|
| 650 |
0 |
9 |
|a Czech art
|y 12th-16th centuries
|2 eczenas
|
| 650 |
0 |
9 |
|a Czech art
|y 20th century
|2 eczenas
|
| 650 |
0 |
9 |
|a medieval art
|z Czechia
|2 eczenas
|
| 650 |
0 |
9 |
|a renaissance art
|z Czechia
|2 eczenas
|
| 650 |
0 |
9 |
|a modern art
|z Czechia
|2 eczenas
|
| 650 |
0 |
9 |
|a art and society
|z Czechia
|2 eczenas
|
| 655 |
|
7 |
|a studie
|7 fd133597
|2 czenas
|
| 655 |
|
7 |
|a sborníky
|7 fd724345
|2 czenas
|
| 655 |
|
9 |
|a studies
|2 eczenas
|
| 655 |
|
9 |
|a papers by one author
|2 eczenas
|
| 910 |
2 |
|
|a BOA001
|b 2-1416.434
|
| 928 |
9 |
|
|a UMPRUM
|
| 990 |
|
|
|a BK
|
| 995 |
|
|
|a 01
|
| 991 |
|
|
|b 201811
|c NOV
|
| 996 |
6 |
|
|b 2610759266
|c 2-1416.434
|l MZK
|r Sklad / do 1 hodiny
|n 1
|p p.v.
|w 001692502
|u 000010
|a 1
|e BOA001
|j MZK50
|s P
|
| 996 |
7 |
|
|b 2610764383
|c 2-1416.434
|l MZK
|r Sklad / do 1 hodiny
|n 11
|p kup
|w 001692502
|u 000020
|a 1
|e BOA001
|j MZK50
|s A
|